Nỗi đau và tình thương /
Αποθηκεύτηκε σε:
| Κύριος συγγραφέας: | |
|---|---|
| Μορφή: | Sách giấy |
| Γλώσσα: | Vietnamese |
| Έκδοση: |
H. :
Thanh niên,
1981.
|
| Ετικέτες: |
Προσθήκη ετικέτας
Δεν υπάρχουν, Καταχωρήστε ετικέτα πρώτοι!
|
| Thư viện lưu trữ: | Thư viện Trường Đại học Đà Lạt |
|---|
| LEADER | 00597nam a2200277 4500 | ||
|---|---|---|---|
| 001 | DLU130151027 | ||
| 005 | ##20130828 | ||
| 040 | # | # | |a DLU |b vie |
| 041 | # | # | |a vie |
| 044 | # | # | |a vn |
| 082 | # | # | |a TV |b TA-B |
| 100 | # | # | |a Tạ Bảo. |
| 245 | # | # | |a Nỗi đau và tình thương / |c Tạ Bảo. |
| 260 | # | # | |a H. : |b Thanh niên, |c 1981. |
| 300 | # | # | |a 117 tr. ; |c 19 cm. |
| 923 | # | # | |a TL |
| 991 | # | # | |a SH |
| 992 | # | # | |a 5,50 |
| 994 | # | # | |a DLU |
| 900 | # | # | |a True |
| 911 | # | # | |a Nguyễn Huyền Anh |
| 925 | # | # | |a G |
| 926 | # | # | |a A |
| 927 | # | # | |a SH |
| 980 | # | # | |a Thư viện Trường Đại học Đà Lạt |